Loading...
| History - Other | 0 | 8 | 0 | 2 | 80 | 99 | 118.75 | 0 | 0 | 3.94 | 24.46 |
| History - European | 0 | 4 | 0 | 2 | 40 | 106 | 121.50 | 0 | 1 | 2.51 | 10.75 |
| Literature - European | 0 | 3 | 0 | 0 | 30 | 102 | 109.67 | 0 | 1 | 4.55 | 10.75 |
| History - World | 0 | 3 | 1 | 1 | 25 | 24 | 85.00 | 0 | 2 | 6.20 | 13.40 |
| Geography | 0 | 2 | 0 | 0 | 20 | 97 | 105.50 | 0 | 1 | 5.89 | 19.00 |
| Social Science | 0 | 2 | 0 | 0 | 20 | 101 | 107.50 | 0 | 1 | 2.77 | 9.85 |
| Other Academic | 0 | 1 | 0 | 0 | 10 | 134 | 134.00 | 0 | 0 | 0.18 | 6.52 |
| Literature - American | 0 | 1 | 0 | 0 | 10 | 110 | 110.00 | 0 | 0 | 1.65 | 4.66 |
| Fine Arts - Painting & Sculpture | 0 | 1 | 0 | 0 | 10 | 99 | 99.00 | 1 | 1 | 1.54 | 5.88 |
| History - American | 0 | 1 | 0 | 0 | 10 | 115 | 115.00 | 0 | 0 | 0.60 | 2.70 |
| Current Events | 0 | 1 | 0 | 0 | 10 | 62 | 62.00 | 0 | 0 | 6.19 | 6.02 |
| Literature - British | 0 | 1 | 0 | 0 | 10 | 66 | 66.00 | 0 | 1 | 3.57 | 5.64 |
| Literature - World | 0 | 1 | 0 | 0 | 10 | 97 | 97.00 | 0 | 1 | 2.05 | 5.39 |
| Science - Other | 0 | 0 | 1 | 0 | -5 | 0.00 | 0 | 0 | 0.00 | 0.00 |